Методика исследования деформационной способности сварных соединений паропроводов; Молодая мысль - развитию энергетики

Xehetasun bibliografikoak
Parent link:Молодая мысль - развитию энергетики.— 2016.— C. 118-122
Egile nagusia: Бреус С. С. Сергей Сергеевич
Erakunde egilea: Национальный исследовательский Томский политехнический университет (ТПУ) Энергетический институт (ЭНИН) Кафедра парогенераторостроения и парогенераторных установок (ПГС и ПГУ)
Beste egile batzuk: Фисенко Р. Н. Роман Николаевич (научный руководитель), Любимова Л. Л. Людмила Леонидовна
Gaia:В фонде НТБ ТПУ отсутствует
Hizkuntza:errusiera
Argitaratua: 2016
Saila:Промышленная теплоэнергетика
Gaiak:
Formatua: Liburu kapitulua
KOHA link:https://koha.lib.tpu.ru/cgi-bin/koha/opac-detail.pl?biblionumber=602763

MARC

LEADER 00000naa0a2200000 4500
001 602763
005 20250916162745.0
035 |a (RuTPU)RU\TPU\tpu\29246 
035 |a RU\TPU\tpu\28766 
090 |a 602763 
100 |a 20170705d2016 k y0rusy50 ca 
101 0 |a rus 
102 |a RU 
200 1 |a Методика исследования деформационной способности сварных соединений паропроводов  |f С. С. Бреус, Р. Н. Фисенко  |g науч. рук. Л. Л. Любимова 
225 1 |a Промышленная теплоэнергетика 
320 |a Библиогр.: с. 122 (2 назв.) 
333 |a В фонде НТБ ТПУ отсутствует 
463 1 |t Молодая мысль - развитию энергетики  |o материалы I ( XVI) Всероссийской научно-технической конференции студентов и магистрантов, 19-22 апреля 2016 года  |v C. 118-122  |d 2016 
610 1 |a труды учёных ТПУ 
610 1 |a паропроводы 
610 1 |a сварные соединения 
610 1 |a деформационная способность 
700 1 |a Бреус  |b С. С.  |g Сергей Сергеевич 
701 1 |a Фисенко  |b Р. Н.  |c специалист в области теплотехники  |c инженер Томского политехнического университета  |f 1976-  |g Роман Николаевич  |3 (RuTPU)RU\TPU\pers\28620 
702 1 |a Любимова  |b Л. Л.  |c специалист в области теплотехники  |c доцент Томского политехнического университета, кандидат технических наук  |f 1947-  |g Людмила Леонидовна  |4 727 
712 0 2 |a Национальный исследовательский Томский политехнический университет (ТПУ)  |b Энергетический институт (ЭНИН)  |b Кафедра парогенераторостроения и парогенераторных установок (ПГС и ПГУ)  |3 (RuTPU)RU\TPU\col\18681 
801 1 |a RU  |b 63413507  |c 20161220 
801 2 |a RU  |b 63413507  |c 20170705  |g RCR 
942 |c BK